00380 2200157 4500001002100000008004100021035002000062245004400082100001200126250000600138260003000144084001400174082000800188650001400196990001200210INLIS000000000001185 ind  a0010-0524000420 aManajemen Perpustakaan SekolahcLasa Hs aLasa Hs a1 aYogyakarta :bPinusc2007 a020 LAS m a020 aNon Fiksi a0713596